000 01166nam a2200217Ii 4500
003 JO-AjNU
005 20240623115146.0
008 230605s9999||||xx |||||||||||||| ||und||
040 _aJO-AjNU
_bara
_erda
_cJO-AjNU
041 _aara
245 _aمحددات الربحية للشركات الصناعية المدرجة في سوق الامارات للأوراق المالية : دراسة تحليلية = Determinants of Profitability in Industrial Firm Listed on the Emirates` Securities Market : An Analytical Study /
_cاعداد محمد دغيم ؛ اشراف تركي راجي الحمود
260 _c2014
300 _a95ورقة
336 _atext
_btxt
_2rdacontent
337 _aunmediated
_bn
_2rdamedia
338 _avolume
_bnc
_2rdacarrier
500 _a رسالة جامعية ( ماجستير) جامعة اليرموك (إربد، الأردن)، كلية الاقتصاد والعلوم الادارية ؛ قسم المحاسبة، 2014.
650 7 0 _aشركات صناعية - شركات مساهمة - محاسبة - الامارات
_964642
700 1 _aالحمود، تركي راجي
_964635
_eاشراف
942 _2lcc
_cTHS
999 _c32963
_d32963